<?xml version="1.0" encoding="UTF-8"?>
<record
    xmlns:xsi="http://www.w3.org/2001/XMLSchema-instance"
    xsi:schemaLocation="http://www.loc.gov/MARC21/slim http://www.loc.gov/standards/marcxml/schema/MARC21slim.xsd"
    xmlns="http://www.loc.gov/MARC21/slim">

  <leader>04053cam a22004697a 4500</leader>
  <controlfield tag="008">100630t1987    xxu||||| |||| 00| 0 ara d</controlfield>
  <datafield tag="082" ind1=" " ind2=" ">
    <subfield code="2">22</subfield>
    <subfield code="a">612</subfield>
    <subfield code="b">&#x641; &#x627; &#x631; </subfield>
  </datafield>
  <datafield tag="100" ind1=" " ind2=" ">
    <subfield code="9">15465</subfield>
    <subfield code="a">&#x641;&#x627;&#x631;&#x62F;&#x60C; &#x628;&#x631;&#x64A;&#x627;&#x646;</subfield>
  </datafield>
  <datafield tag="245" ind1=" " ind2=" ">
    <subfield code="a">&#x645;&#x648;&#x633;&#x648;&#x639;&#x629; &#x62C;&#x633;&#x645; &#x627;&#x644;&#x625;&#x646;&#x633;&#x627;&#x646; /</subfield>
    <subfield code="c">.&#x628;&#x631;&#x64A;&#x627;&#x646; &#x641;&#x627;&#x631;&#x62F;</subfield>
  </datafield>
  <datafield tag="260" ind1=" " ind2=" ">
    <subfield code="a">&#x627;&#x644;&#x642;&#x627;&#x647;&#x631;&#x629;:</subfield>
    <subfield code="b">&#x627;&#x644;&#x645;&#x631;&#x643;&#x632; &#x627;&#x644;&#x639;&#x627;&#x644;&#x645;&#x649; &#x644;&#x644;&#x645;&#x648;&#x633;&#x648;&#x639;&#x627;&#x62A;&#x60C;</subfield>
    <subfield code="c">1987.</subfield>
  </datafield>
  <datafield tag="300" ind1=" " ind2=" ">
    <subfield code="a">10 &#x645;&#x62C; :</subfield>
    <subfield code="c">24&#x633;&#x645;.</subfield>
    <subfield code="b">&#x627;&#x64A;&#x636;&#x60C; &#x644;&#x648;&#x61B; </subfield>
  </datafield>
  <datafield tag="505" ind1=" " ind2=" ">
    <subfield code="a"> . 2&#x635;&#x64A;&#x627;&#x646;&#x629; &#x627;&#x644;&#x62C;&#x633;&#x645; -- [&#x645;&#x62C;3] . &#x627;&#x644;&#x645;&#x62E; &#x648;&#x627;&#x644;&#x62C;&#x647;&#x627;&#x632; &#x627;&#x644;&#x639;&#x635;&#x628;&#x64A; -- [&#x645;&#x62C;4]. &#x627;&#x644;&#x639;&#x64A;&#x646; &#x648;&#x627;&#x644;&#x631;&#x624;&#x64A;&#x629; -- [&#x645;&#x62C;5] . &#x627;&#x644;&#x623;&#x630;&#x646; &#x648;&#x627;&#x644;&#x633;&#x645;&#x639; -- [&#x645;&#x62C;6] .&#x627;&#x644;&#x63A;&#x630;&#x627;&#x621; &#x648;&#x627;&#x644;&#x647;&#x636;&#x645; -- [&#x645;&#x62C;7]. &#x627;&#x644;&#x642;&#x644;&#x628; &#x648;&#x627;&#x644;&#x62F;&#x645; -- [&#x645;&#x62C;8]. &#x627;&#x644;&#x631;&#x626;&#x62A;&#x627;&#x646; &#x648;&#x627;&#x644;&#x62A;&#x646;&#x641;&#x633; -- [&#x645;&#x62C;9]. &#x627;&#x644;&#x647;&#x64A;&#x643;&#x644; &#x627;&#x644;&#x639;&#x638;&#x645;&#x64A; &#x648;&#x627;&#x644;&#x62D;&#x631;&#x643;&#x629; -- [&#x645;&#x62C; 10]. &#x627;&#x644;&#x644;&#x645;&#x633;&#x60C; &#x627;&#x644;&#x62A;&#x630;&#x648;&#x642; &#x648;&#x627;&#x644;&#x631;&#x627;&#x626;&#x62D;&#x629; .[&#x645;&#x62C;1]. &#x627;&#x644;&#x648;&#x644;&#x627;&#x62F;&#x629; &#x648;&#x627;&#x644;&#x646;&#x645;&#x648; -- [&#x645;&#x62C;]</subfield>
  </datafield>
  <datafield tag="541" ind1=" " ind2=" ">
    <subfield code="a">&#x62C;&#x645;&#x639;&#x64A;&#x629; &#x627;&#x644;&#x631;&#x639;&#x627;&#x64A;&#x629; &#x627;&#x644;&#x645;&#x62A;&#x643;&#x627;&#x645;&#x644;&#x629; &#x61B; </subfield>
    <subfield code="c">&#x625;&#x647;&#x62F;&#x627;&#x621; &#x61B;</subfield>
  </datafield>
  <datafield tag="650" ind1=" " ind2=" ">
    <subfield code="9">15469</subfield>
    <subfield code="a">&#x627;&#x644;&#x646;&#x645;&#x648;</subfield>
  </datafield>
  <datafield tag="650" ind1=" " ind2=" ">
    <subfield code="9">15475</subfield>
    <subfield code="a">&#x627;&#x644;&#x623;&#x637;&#x641;&#x627;&#x644; </subfield>
    <subfield code="x">&#x646;&#x645;&#x648;</subfield>
  </datafield>
  <datafield tag="650" ind1=" " ind2=" ">
    <subfield code="9">15476</subfield>
    <subfield code="a">&#x627;&#x644;&#x635;&#x64A;&#x627;&#x646;&#x629; &#x627;&#x644;&#x648;&#x642;&#x627;&#x626;&#x64A;&#x629;</subfield>
  </datafield>
  <datafield tag="650" ind1=" " ind2=" ">
    <subfield code="9">15477</subfield>
    <subfield code="a">&#x627;&#x644;&#x645;&#x62E;</subfield>
  </datafield>
  <datafield tag="650" ind1=" " ind2=" ">
    <subfield code="9">15478</subfield>
    <subfield code="a">&#x627;&#x644;&#x62C;&#x647;&#x627;&#x632;&#x627;&#x644;&#x639;&#x635;&#x628;&#x649;</subfield>
  </datafield>
  <datafield tag="650" ind1=" " ind2=" ">
    <subfield code="9">15480</subfield>
    <subfield code="a">&#x627;&#x644;&#x639;&#x64A;&#x646;</subfield>
  </datafield>
  <datafield tag="650" ind1=" " ind2=" ">
    <subfield code="9">15481</subfield>
    <subfield code="a">&#x627;&#x644;&#x639;&#x64A;&#x646;</subfield>
    <subfield code="x">&#x62D;&#x645;&#x627;&#x64A;&#x629;</subfield>
  </datafield>
  <datafield tag="650" ind1=" " ind2=" ">
    <subfield code="9">15482</subfield>
    <subfield code="a">&#x627;&#x644;&#x623;&#x630;&#x646;</subfield>
    <subfield code="x">&#x62D;&#x645;&#x627;&#x64A;&#x629;</subfield>
  </datafield>
  <datafield tag="650" ind1=" " ind2=" ">
    <subfield code="9">15484</subfield>
    <subfield code="a">&#x627;&#x644;&#x623;&#x630;&#x646; &#x627;&#x644;&#x648;&#x633;&#x637;&#x649;</subfield>
    <subfield code="x">&#x62D;&#x645;&#x627;&#x64A;&#x629;</subfield>
  </datafield>
  <datafield tag="650" ind1=" " ind2=" ">
    <subfield code="9">13639</subfield>
    <subfield code="a">&#x627;&#x644;&#x62A;&#x63A;&#x630;&#x64A;&#x629;</subfield>
  </datafield>
  <datafield tag="650" ind1=" " ind2=" ">
    <subfield code="9">15486</subfield>
    <subfield code="a">&#x627;&#x644;&#x62C;&#x647;&#x627;&#x632; &#x627;&#x644;&#x647;&#x636;&#x645;&#x649;</subfield>
  </datafield>
  <datafield tag="650" ind1=" " ind2=" ">
    <subfield code="9">13639</subfield>
    <subfield code="a">&#x627;&#x644;&#x62A;&#x63A;&#x630;&#x64A;&#x629;</subfield>
  </datafield>
  <datafield tag="650" ind1=" " ind2=" ">
    <subfield code="9">15488</subfield>
    <subfield code="a">&#x627;&#x644;&#x647;&#x636;&#x645;</subfield>
  </datafield>
  <datafield tag="650" ind1=" " ind2=" ">
    <subfield code="9">15490</subfield>
    <subfield code="a">&#x627;&#x644;&#x631;&#x626;&#x62A;&#x627;&#x646;</subfield>
  </datafield>
  <datafield tag="650" ind1=" " ind2=" ">
    <subfield code="9">15490</subfield>
    <subfield code="a">&#x627;&#x644;&#x631;&#x626;&#x62A;&#x627;&#x646;</subfield>
  </datafield>
  <datafield tag="650" ind1=" " ind2=" ">
    <subfield code="9">15492</subfield>
    <subfield code="a">&#x627;&#x644;&#x647;&#x64A;&#x643;&#x644; &#x627;&#x644;&#x639;&#x638;&#x645;&#x649;</subfield>
  </datafield>
  <datafield tag="650" ind1=" " ind2=" ">
    <subfield code="9">15494</subfield>
    <subfield code="a">&#x627;&#x644;&#x62A;&#x630;&#x648;&#x642;</subfield>
  </datafield>
  <datafield tag="650" ind1=" " ind2=" ">
    <subfield code="9">15496</subfield>
    <subfield code="a">&#x627;&#x644;&#x62D;&#x648;&#x627;&#x633;</subfield>
  </datafield>
  <datafield tag="942" ind1=" " ind2=" ">
    <subfield code="2">ddc</subfield>
    <subfield code="c">BB</subfield>
  </datafield>
  <datafield tag="999" ind1=" " ind2=" ">
    <subfield code="c">14295</subfield>
    <subfield code="d">14295</subfield>
  </datafield>
  <datafield tag="952" ind1=" " ind2=" ">
    <subfield code="0">0</subfield>
    <subfield code="1">0</subfield>
    <subfield code="2">ddc</subfield>
    <subfield code="4">0</subfield>
    <subfield code="7">0</subfield>
    <subfield code="8"> </subfield>
    <subfield code="a">MAIN</subfield>
    <subfield code="b">MAIN</subfield>
    <subfield code="c">1ST</subfield>
    <subfield code="d">2010-06-30</subfield>
    <subfield code="e">purchase</subfield>
    <subfield code="o">612  &#x645;&#x62C; 1 &#x641;  &#x627;  &#x631;</subfield>
    <subfield code="p">000021168</subfield>
    <subfield code="r">2025-07-15 00:00:00</subfield>
    <subfield code="s">2016-04-05</subfield>
    <subfield code="y">BB</subfield>
    <subfield code="z">&#x627;&#x644;&#x648;&#x644;&#x627;&#x62F;&#x629; &#x648;&#x627;&#x644;&#x646;&#x645;&#x648;</subfield>
  </datafield>
  <datafield tag="952" ind1=" " ind2=" ">
    <subfield code="0">0</subfield>
    <subfield code="1">0</subfield>
    <subfield code="2">ddc</subfield>
    <subfield code="4">0</subfield>
    <subfield code="7">0</subfield>
    <subfield code="8"> </subfield>
    <subfield code="a">MAIN</subfield>
    <subfield code="b">MAIN</subfield>
    <subfield code="c">1ST</subfield>
    <subfield code="d">2010-06-30</subfield>
    <subfield code="e">purchase</subfield>
    <subfield code="o">612  &#x645;&#x62C; 4 &#x641;  &#x627;  &#x631;</subfield>
    <subfield code="p">000021169</subfield>
    <subfield code="r">2025-07-15 00:00:00</subfield>
    <subfield code="y">BB</subfield>
    <subfield code="z">&#x627;&#x644;&#x639;&#x64A;&#x646; &#x648;&#x627;&#x644;&#x631;&#x624;&#x64A;&#x629;</subfield>
  </datafield>
  <datafield tag="952" ind1=" " ind2=" ">
    <subfield code="0">0</subfield>
    <subfield code="1">0</subfield>
    <subfield code="2">ddc</subfield>
    <subfield code="4">0</subfield>
    <subfield code="7">0</subfield>
    <subfield code="8"> </subfield>
    <subfield code="a">MAIN</subfield>
    <subfield code="b">MAIN</subfield>
    <subfield code="c">1ST</subfield>
    <subfield code="d">2010-06-30</subfield>
    <subfield code="e">purchase</subfield>
    <subfield code="o">612  &#x645;&#x62C; 6 &#x641;  &#x627;  &#x631;</subfield>
    <subfield code="p">000021176</subfield>
    <subfield code="r">2025-07-15 00:00:00</subfield>
    <subfield code="s">2015-01-27</subfield>
    <subfield code="y">BB</subfield>
    <subfield code="z">&#x627;&#x644;&#x63A;&#x630;&#x627;&#x621; &#x648;&#x627;&#x644;&#x647;&#x636;&#x645;</subfield>
  </datafield>
  <datafield tag="952" ind1=" " ind2=" ">
    <subfield code="0">0</subfield>
    <subfield code="1">0</subfield>
    <subfield code="2">ddc</subfield>
    <subfield code="4">0</subfield>
    <subfield code="7">0</subfield>
    <subfield code="8"> </subfield>
    <subfield code="a">MAIN</subfield>
    <subfield code="b">MAIN</subfield>
    <subfield code="c">1ST</subfield>
    <subfield code="d">2010-06-30</subfield>
    <subfield code="e">purchase</subfield>
    <subfield code="o">612  &#x645;&#x62C; 8 &#x641;  &#x627;  &#x631;</subfield>
    <subfield code="p">000021174</subfield>
    <subfield code="r">2025-07-15 00:00:00</subfield>
    <subfield code="s">2016-04-05</subfield>
    <subfield code="y">BB</subfield>
    <subfield code="z">&#x627;&#x644;&#x631;&#x626;&#x62A;&#x627;&#x646; &#x648;&#x627;&#x644;&#x62A;&#x646;&#x641;&#x633;</subfield>
  </datafield>
  <datafield tag="952" ind1=" " ind2=" ">
    <subfield code="0">0</subfield>
    <subfield code="1">0</subfield>
    <subfield code="2">ddc</subfield>
    <subfield code="4">0</subfield>
    <subfield code="7">0</subfield>
    <subfield code="8"> </subfield>
    <subfield code="a">MAIN</subfield>
    <subfield code="b">MAIN</subfield>
    <subfield code="c">1ST</subfield>
    <subfield code="d">2010-06-30</subfield>
    <subfield code="e">Donation</subfield>
    <subfield code="o">612  &#x645;&#x62C; 9 &#x641;  &#x627;  &#x631;</subfield>
    <subfield code="p">000021172</subfield>
    <subfield code="r">2025-07-15 00:00:00</subfield>
    <subfield code="y">BB</subfield>
    <subfield code="z">&#x627;&#x644;&#x647;&#x64A;&#x643;&#x644; &#x627;&#x644;&#x639;&#x638;&#x645;&#x64A; &#x648;&#x627;&#x644;&#x62D;&#x631;&#x643;&#x629;</subfield>
  </datafield>
  <datafield tag="952" ind1=" " ind2=" ">
    <subfield code="0">0</subfield>
    <subfield code="1">0</subfield>
    <subfield code="2">ddc</subfield>
    <subfield code="4">0</subfield>
    <subfield code="7">0</subfield>
    <subfield code="8"> </subfield>
    <subfield code="a">MAIN</subfield>
    <subfield code="b">MAIN</subfield>
    <subfield code="c">1ST</subfield>
    <subfield code="d">2010-06-30</subfield>
    <subfield code="e">purchase</subfield>
    <subfield code="o">612  &#x645;&#x62C; 2 &#x641;  &#x627;  &#x631;</subfield>
    <subfield code="p">000021171</subfield>
    <subfield code="r">2025-07-15 00:00:00</subfield>
    <subfield code="s">2017-12-18</subfield>
    <subfield code="y">BB</subfield>
    <subfield code="z">&#x635;&#x64A;&#x627;&#x646;&#x629; &#x627;&#x644;&#x62C;&#x633;&#x645;</subfield>
  </datafield>
  <datafield tag="952" ind1=" " ind2=" ">
    <subfield code="0">0</subfield>
    <subfield code="1">0</subfield>
    <subfield code="2">ddc</subfield>
    <subfield code="4">0</subfield>
    <subfield code="7">0</subfield>
    <subfield code="8"> </subfield>
    <subfield code="a">MAIN</subfield>
    <subfield code="b">MAIN</subfield>
    <subfield code="c">1ST</subfield>
    <subfield code="d">2010-06-30</subfield>
    <subfield code="e">purchase</subfield>
    <subfield code="o">612  &#x645;&#x62C; 5 &#x641;  &#x627;  &#x631;</subfield>
    <subfield code="p">000021170</subfield>
    <subfield code="r">2025-07-15 00:00:00</subfield>
    <subfield code="y">BB</subfield>
    <subfield code="z">&#x627;&#x644;&#x623;&#x630;&#x646; &#x648;&#x627;&#x644;&#x633;&#x645;&#x639;</subfield>
  </datafield>
  <datafield tag="952" ind1=" " ind2=" ">
    <subfield code="0">0</subfield>
    <subfield code="1">0</subfield>
    <subfield code="2">ddc</subfield>
    <subfield code="4">0</subfield>
    <subfield code="7">0</subfield>
    <subfield code="8"> </subfield>
    <subfield code="a">MAIN</subfield>
    <subfield code="b">MAIN</subfield>
    <subfield code="c">1ST</subfield>
    <subfield code="d">2010-06-30</subfield>
    <subfield code="e">purchase</subfield>
    <subfield code="o">612  &#x645;&#x62C; 10 &#x641;  &#x627;  &#x631;</subfield>
    <subfield code="p">000021173</subfield>
    <subfield code="r">2025-07-15 00:00:00</subfield>
    <subfield code="s">2016-04-05</subfield>
    <subfield code="y">BB</subfield>
    <subfield code="z">&#x627;&#x644;&#x644;&#x645;&#x633;&#x60C; &#x627;&#x644;&#x630;&#x648;&#x642; &#x648;&#x627;&#x644;&#x631;&#x627;&#x626;&#x62D;&#x629; </subfield>
  </datafield>
</record>
